00958nam a2200241 a 4500001001000000003000900010005001700019007000300036008004100039020001800080040002500098082000700123110004300130245021700173260008000390300003600470500007300506700003600579700001800615700001800633700003900651700002600690000048338DO-SdBNP20240715103629.0ta190208s2014 dr c r 000 0 spa d z9789945882098 aDO-SdBNPbspacBNPHU 42222 aCentro Cultural Eduardo León Jimenes10aTrenzando una historia en curso :barte dominicano contemporáneo en el contexto del Caribe /cMaría Amalia León de Jorge, Lisa K. Erf, Yolanda Wood ; tradución Giselle Rodríguez del Cid, Cecilia León. aSantiago de los Caballeros, República Dominicana :bCentro León,c2014. a310 p. :bil., retrs. ;c29 cm. aIncluye referencias bibliográficas y notas al pie de las páginas1 aLeón Jorge, María Amalia de1 aErf, Luisa K.1 aWood, Yolanda1 aRodríguez Cid, Giselle del,etr.1 aLeón, Cecilia,etr.